Inauguració del curs 2018-2019 : 23 d'octubre de 2018, 12h 23 d'octubre de 2018, 12h
Descripción Física:
1 díptic ; il·lustracions color ; 15 x 21 cm
Idioma:
Catalán
MARC
| LEADER | 00000nam a22000007a 4500 | ||
|---|---|---|---|
| 001 | 27972 | ||
| 003 | Arxiu | ||
| 005 | 20260324181518.0 | ||
| 008 | 230606b spa||||| |||| 00| 0 cat d | ||
| 017 | |a B 25179-2018 | ||
| 040 | |a agdb |b cat | ||
| 245 | |a Inauguració del curs 2018-2019 : |b 23 d'octubre de 2018, 12h | ||
| 260 | |a Barcelona : |b Institut del Teatre : |b Diputació de Barcelona ; |c 2018 | ||
| 300 | |a 1 díptic ; |b il·lustracions color ; |c 15 x 21 cm | ||
| 610 | 0 | |9 56141 |a Institut del Teatre (Barcelona, Catalunya) |x Ensenyament | |
| 710 | 1 | |9 52662 |a Institut del Teatre (Barcelona, Catalunya) | |
| 710 | 1 | |a Barcelona (Catalunya : Província). |b Diputació |9 52408 | |
| 942 | |2 udc |c ARXIU |n 1 | ||
| 952 | |0 0 |1 0 |2 udc |4 0 |6 FU764 |7 1 |9 66450 |a Arxiu |b Arxiu |d 2023-06-06 |l 0 |o FU-76-4 |p 27972 |r 2023-06-06 00:00:00 |w 2023-06-06 |y ARXIU | ||
| 999 | |c 83785 |d 83785 | ||